| 000 | 00759nam a2200265 i 4500 | ||
|---|---|---|---|
| 001 | bg | ||
| 245 | 0 | 0 |
_aGeografia świata. _nT.1, _pŚrodowisko przyrodnicze / _c[red. Janusz Puskarz]. |
| 260 |
_aWarszawa : _bWydawnictwo Naukowe PWN, _c2008. |
||
| 300 |
_a869 s. : _bil. kolor. ; _c25 cm. |
||
| 490 | 1 | _aEncyklopedia PWN | |
| 650 | 9 | _aGeografia | |
| 651 | 9 | _aŚwiat | |
| 655 | _aEncyklopedie | ||
| 700 | 1 |
_aPuskarz, Janusz. _eRed. |
|
| 830 | _aEncyklopedia PWN | ||
| 020 | _a9788301155513 | ||
| 040 | _cBPK | ||
| 041 | _apol | ||
| 044 | _aPOL | ||
| 080 | _a913(100)(03) | ||
| 920 | _a978-83-01-15551-3 | ||
| 942 | _cKS | ||
| 008 | s pl f |000 0 pol | ||
| 999 |
_c55913 _d55913 |
||
| 856 |
_uhttp://koha.tu.koszalin.pl/cgi-bin/koha/opac-detail.pl?biblionumber=55913 _yKatalog online BPK |
||